| Tag |
First Indicator |
Second Indicator |
Subfields |
| LEADER |
00000cam a2200000Mi 4500 |
| 001 |
in00005636639 |
| 006 |
m o d |
| 007 |
cr |n||||||||a |
| 008 |
070616s2003 vau o 000 0 eng d |
| 005 |
20250331202310.6 |
| 035 |
|
|
|a (OCoLC)ocn593445412
|
| 040 |
|
|
|a ALSTP
|b eng
|e pn
|c ALSTP
|d OCLCQ
|d OCLCF
|d RRP
|d OCLCO
|d OCLCQ
|d UPM
|d WYU
|d TKN
|d OCLCO
|d OCLCQ
|d OCLCL
|
| 019 |
|
|
|a 593445411
|
| 035 |
|
|
|a (OCoLC)593445412
|z (OCoLC)593445411
|
| 050 |
|
4 |
|a PN6119.7
|b B883 2003
|
| 082 |
0 |
4 |
|a 822.914
|q OCoLC
|
| 049 |
|
|
|a TXAM
|
| 100 |
1 |
|
|a Butake, Bole.
|
| 245 |
1 |
4 |
|a The rape of Michelle /
|c by Bole Butake.
|
| 250 |
|
|
|a [1st electronic ed.].
|
| 260 |
|
|
|a Alexandria, VA :
|b Alexander Street Press,
|c 2003.
|
| 300 |
|
|
|a 1 online resource
|
| 336 |
|
|
|a text
|b txt
|2 rdacontent
|
| 337 |
|
|
|a computer
|b c
|2 rdamedia
|
| 338 |
|
|
|a online resource
|b cr
|2 rdacarrier
|
| 650 |
|
0 |
|a Cameroonian drama (English)
|
| 650 |
|
7 |
|a Cameroonian drama (English)
|2 fast
|0 (OCoLC)fst01738403
|
| 655 |
|
7 |
|a Electronic books.
|2 local
|
| 655 |
|
7 |
|a Drama.
|2 fast
|0 (OCoLC)fst01423879
|
| 655 |
|
7 |
|a Drama.
|2 lcgft
|
| 655 |
|
7 |
|a Théâtre.
|2 rvmgf
|
| 710 |
2 |
|
|a Alexander Street (Firm)
|
| 758 |
|
|
|i has work:
|a The rape of Michelle (Text)
|1 https://id.oclc.org/worldcat/entity/E39PCGb7qDPDGVCtXJWPhtdhHC
|4 https://id.oclc.org/worldcat/ontology/hasWork
|
| 830 |
|
0 |
|a Black drama, second ed.
|
| 856 |
4 |
0 |
|u http://proxy.library.tamu.edu/login?url=https://www.aspresolver.com/aspresolver.asp?BLDR;PL005433
|z Connect to the full text of this electronic book
|t 0
|
| 955 |
|
|
|a Alexander Street - Black Drama 3rd Edition
|
| 994 |
|
|
|a 92
|b TXA
|
| 999 |
f |
f |
|s 295eb864-d552-4906-bfac-68f12abd1614
|i d19a99c2-810d-4055-8c23-384d18dab385
|t 0
|
| 952 |
f |
f |
|a Texas A&M University
|b College Station
|c Electronic Resources
|d Available Online
|t 0
|e PN6119.7 B883 2003
|h Library of Congress classification
|
| 998 |
f |
f |
|a PN6119.7 B883 2003
|t 0
|l Available Online
|